000 00543nam a2200181Ia 4500
005 20250326141704.0
008 250326s9999 xx 000 0 und d
037 _aTextbook
040 _aFMSL
_beng
_cFMSL
041 _aeng
_2eng
084 _aX:8D.42 M8
_qFMSL
100 _aSakakibara E
245 0 _aTokyo as a center of world fice oct. 88 No. 11`
_cSakakibara E; Kondoh A
260 _aJapan
_bJapan, Japan Centre For International Fice
_c1988
300 _a172p
942 _cTB
_hX:8D.42 M8
999 _c1291500
_d1291500